Flyboy in the buttermilk : essays on contemporary America /

Gespeichert in:
Bibliographische Detailangaben
1. Verfasser: Tate, Greg
Format: Buch
Sprache:Englisch
Veröffentlicht: New York : Simon & Schuster, 1992
Tags: Tag hinzufügen
Keine Tags, Fügen Sie das erste Tag hinzu!

MARC

LEADER 00000nam a22000007i 4500
001 IT\ICCU\UBO\3822921
003 ItRI
005 20260115231819.0
008 101027s1992 xxu|||||| ||||| |||||c
020 |a 0671729659 
040 |b ita  |c importazione bologna sebina 
041 7 |a eng  |2 ISO-639-2 
100 1 |a Tate, Greg  |0 IT\ICCU\MILV\246044 
245 1 0 |a Flyboy in the buttermilk :  |b essays on contemporary America /  |c Greg Tate. 
260 |a New York :  |b Simon & Schuster,  |c 1992 
300 |a 285 p. ;  |c 21 cm. 
942 |2 ddc  |c BK  |n 0 
952 |0 0  |1 0  |4 0  |6 DOC_781_640000000000000_TAT  |7 0  |9 13334  |a BO  |b BO  |d 2026-01-15  |i 14345  |l 0  |o DOC 781.640 TAT  |p BO14345  |r 2026-01-15 23:18:19  |w 2026-01-15  |x [Sebina 5] [1 v.]  |y BK  |z 1 v. (Con dedica dell'A.) 
999 |c 11454  |d 11454